Historical Nation by Capital - Map Quiz - Statistics

General Stats
  • This quiz has been taken 311 times
  • The average score is 19 of 38
Answers on the Map
Answers color-coded by a green-red scale on the quiz's map according to % correct below.
 
Answer Stats
Answer % Correct
Aztec Empire
86%
Cherokee Nation
86%
Yugoslavia
80%
Khmer Empire
74%
State of the Teutonic Order
72%
Neo-Assyrian Empire
70%
Francia
69%
Visigothic Kingdom
68%
Golden Horde
67%
Kingdom of Sardinia
67%
Zapotec Civilization
62%
Duchy of Burgundy
60%
Liao Dynasty
60%
Cossack Hetmanate
58%
Great Perm
57%
Songhai Empire
57%
Basutoland
55%
Majapahit
53%
Kingdom of Kush
52%
Ayutthaya Kingdom
49%
Lydia
49%
Ayyubid Dynasty
47%
Numidia
46%
Thomond
42%
Muisca Confederation
38%
Durrani Empire
35%
Kilwa Sultanate
34%
Silla
33%
Kingdom of Pagan
32%
Ajuran Sultanate
31%
Himyarite Kingdom
30%
Bornu Empire
28%
Kingdom of Imerina
22%
Wari Empire
21%
Chimor
20%
Cañari
18%
Saudeleur Dynasty
17%
Ankole
16%
No matching quizzes found
Score Distribution
Percent of People with Each Score
Percentile by Number Answered
Your Score History
You have not taken this quiz